Wszyscy Mistrzowie Premier League - Statystyki

Ogólne statystyki
  • Ten quiz został rozwiązany 775 razy
    563 od ostatniego zresetowania
  • Średni wynik to 30 z 32
Statystyki odpowiedzi
Sezon Klub % Poprawnych
2011/12 Manchester City
99%
2014/15 Manchester City
99%
2017/18 Manchester City
99%
2018/19 Manchester City
99%
2020/21 Manchester City
99%
2021/22 Manchester City
99%
2022/23 Manchester City
99%
2023/24 Manchester City
99%
2019/20 Liverpool
98%
1992/93 Manchester United
98%
1993/94 Manchester United
98%
1995/96 Manchester United
98%
1996/97 Manchester United
98%
1998/99 Manchester United
98%
1999/20 Manchester United
98%
2000/01 Manchester United
98%
2002/03 Manchester United
98%
2006/07 Manchester United
98%
2007/08 Manchester United
98%
2008/09 Manchester United
98%
2010/11 Manchester United
98%
2012/13 Manchester United
98%
2004/05 Chelsea
94%
2005/06 Chelsea
94%
2009/10 Chelsea
94%
2013/14 Chelsea
94%
2016/17 Chelsea
94%
1997/98 Arsenal
93%
2001/02 Arsenal
93%
2003/04 Arsenal
93%
2015/16 Leicester City
77%
1994/95 Blackburn Rovers
42%
Nie znaleziono quizów pasujących do podanych kryteriów
Rozkład punktacji
Procent ludzi z każdym wynikiem
Percentyl według liczby udzielonych odpowiedzi
Twoja historia wyników
Nie rozwiązałeś tego quizu od ostatniego zresetowania